[Event "Thessaloniki ol (Women)"]
[Site "Thessaloniki"]
[Date "1988.??.??"]
[Round "?"]
[White "Chiburdanidze, Maia"]
[Black "Hund, Barbara"]
[Result "1-0"]
[WhiteElo "2560"]
[BlackElo "2315"]

1.e4 e5 2.Nf3 Nc6 3.Bc4 Nf6 4.d4 exd4 5.e5 d5 6.Bb5 Nd7 7.O-O Be7 8.Bxc6 bxc6
9.Nxd4 Nb8 10.Be3 O-O 11.Nb3 Nd7 12.f4 Nb6 13.f5 Nc4 14.Bd4 c5 15.Nxc5 Nxe5
16.Bxe5 Bxc5+ 17.Bd4 Qd6 18.Nc3 Ba6 19.Rf2 Rad8 20.f6 Rfe8 21.Bxc5 Qxc5 22.fxg7 Rd7
23.h3 d4 24.Na4 Qb5 25.c3 Qc4 26.b3 Qd5 27.Qxd4 Qxd4 28.cxd4 Rxd4 29.Rc1 Re7
30.Rfc2 Bb5 31.Nb2 Kxg7 32.a4 Bd7 33.Rxc7 Re2 34.R1c2 Rxc2 35.Rxc2 Rb4 36.Rc3 Be6
37.Nc4 Kf6 38.Na5 Rb6 39.Kf2 Rd6 40.Ke2 Rd5 41.Nc6 Rg5 42.g3 a6 43.h4 Rd5
44.Nb4 Re5+ 45.Kd2 a5 46.Nd3 Rd5 47.Ke3 Rd8 48.Nf4 Rb8 49.Nxe6 fxe6 50.Kd2 Ke5
51.Kc2 Kd5 52.Rc7 Rg8 53.Ra7 Rxg3 54.Rxa5+ Kd4 55.Rg5 Rc3+ 56.Kb2 Rc8 57.Rg7 h5
58.Rd7+ Ke4 59.a5 e5 60.a6  1-0

[Event "Lugano op"]
[Site "Lugano"]
[Date "1989.??.??"]
[Round "1"]
[White "Chiburdanidze, Maia"]
[Black "Hoffmann, Hans"]
[Result "1-0"]
[WhiteElo "2520"]
[BlackElo "2300"]

1.e4 c5 2.Nf3 e6 3.Nc3 a6 4.d4 cxd4 5.Nxd4 Qc7 6.g3 b5 7.Bg2 Bb7 8.O-O d6
9.Re1 Nd7 10.a4 bxa4 11.Rxa4 Ngf6 12.Nd5 exd5 13.exd5+ Kd8 14.Nc6+ Bxc6 15.dxc6 Nb6
16.Rd4 d5 17.c4 Qxc6 18.cxd5 Qc5 19.d6 Rb8 20.Bf4 Nbd7 21.Qd2 h6 22.Rc1 Qb6
23.Qc3 Ne8 24.Qc7+ Nxc7 25.dxc7+ Ke8 26.Re4+ Be7 27.cxb8=Q+ Nxb8 28.Rc8+ Kd7
29.Bh3+  1-0

[Event "Lugano op"]
[Site "Lugano"]
[Date "1989.??.??"]
[Round "2"]
[White "Peek, Marcel"]
[Black "Chiburdanidze, Maia"]
[Result "0-1"]
[WhiteElo "2365"]
[BlackElo "2520"]

1.d4 Nf6 2.c4 c5 3.d5 e5 4.Nc3 d6 5.e4 g6 6.g3 Bg7 7.Bh3 Bxh3 8.Nxh3 Qd7
9.Ng5 O-O 10.O-O h6 11.Nf3 a6 12.a4 Qh3 13.Qe2 Ng4 14.Re1 f5 15.Qf1 Qh5 16.h3 Nxf2
17.Qxf2 fxe4 18.Nxe4 Rxf3 19.Qg2 Nd7 20.Re3 Rf7 21.g4 Qh4 22.Nxd6 Rf4 23.Rf3 Rxf3
24.Qxf3 Rf8  0-1

[Event "Lugano op"]
[Site "Lugano"]
[Date "1989.??.??"]
[Round "4"]
[White "Van der Wiel, John TH"]
[Black "Chiburdanidze, Maia"]
[Result "1/2-1/2"]
[WhiteElo "2560"]
[BlackElo "2520"]

1.e4 e5 2.Nf3 Nc6 3.d4 exd4 4.Nxd4 Nf6 5.Nxc6 bxc6 6.e5 Qe7 7.Qe2 Nd5 8.h4 d6
9.c4 Nb6 10.exd6 Qxe2+ 11.Bxe2 Bxd6 12.Nc3 Be5 13.c5 Nd5 14.O-O Be6 15.Bf3 O-O
16.Re1 Bf6 17.Bg5 Bxg5 18.hxg5 Rab8 19.Bxd5 cxd5 20.b3 Rfd8 21.Rad1 d4 22.Ne2 Rd5
23.Nf4 Rxg5 24.Nxe6 fxe6 25.Rxd4 Rxc5 26.Rxe6 Rc1+ 27.Kh2 Rb6 28.Re2 Rh6+
29.Kg3 Rg6+ 30.Rg4 Rxg4+ 31.Kxg4 Kf7 32.Kg3 Rc6 33.f3 Kf6 34.Re4 Ra6 35.a4 Rc6
36.Rh4 Rc3 37.Rxh7 Rxb3 38.Rh5 Rb8 39.Ra5 Rb7 40.Kf4 Ke6 41.Ke4 c6 42.Kd4 Rb2
43.Rg5 Kf6 44.Rg4 Rc2 45.Kd3 Ra2 46.Kc3 a5 47.Kb3 Re2 48.Kc4 Rc2+ 49.Kb3  1/2-1/2

[Event "Lugano op"]
[Site "Lugano"]
[Date "1989.??.??"]
[Round "6"]
[White "Zak, Uriel"]
[Black "Chiburdanidze, Maia"]
[Result "1/2-1/2"]
[WhiteElo "2335"]
[BlackElo "2520"]

1.e4 e5 2.Nf3 d6 3.d4 exd4 4.Nxd4 Nf6 5.Nc3 Be7 6.Be2 O-O 7.O-O a6 8.a4 c5
9.Nb3 Nc6 10.Be3 Be6 11.f4 Nb4 12.Bf3 Qb6 13.a5 Qc7 14.g4 Rfe8 15.g5 Nd7
16.Nd2 Bf8 17.Bh5 g6 18.Bf3 Bh3 19.Re1 b5 20.Nb3 Rad8 21.Qd2 Bg7 22.Qf2 Qc8
23.Rad1 Nb8 24.Rd2 Be6 25.Nc1 N4c6 26.N1e2 Nxa5 27.b3 Nac6 28.Nd5 Bxd5 29.Rxd5 a5
30.Red1 Qc7 31.h4 a4 32.bxa4 bxa4 33.c3 Na5 34.Ra1 Nc4 35.h5 Nd7 36.hxg6 hxg6
37.Nc1 Ncb6 38.Rd1 f6 39.Qh4  1/2-1/2

[Event "Lugano op"]
[Site "Lugano"]
[Date "1989.??.??"]
[Round "9"]
[White "Chiburdanidze, Maia"]
[Black "Wirthensohn, Heinz"]
[Result "1/2-1/2"]
[WhiteElo "2520"]
[BlackElo "2395"]

1.d4 Nf6 2.c4 e6 3.Nc3 Bb4 4.e3 O-O 5.Ne2 d5 6.a3 Be7 7.Nf4 c6 8.Be2 Nbd7
9.O-O dxc4 10.Bxc4 Bd6 11.Ba2 e5 12.Nfe2 exd4 13.Nxd4 Nc5 14.b4 Nce4 15.Nxe4 Nxe4
16.Bb2 Qh4 17.f4 Qe7 18.Qd3 Bc7 19.Rae1 Bb6 20.f5 Rd8 21.f6 Nxf6 22.Rxf6 Qxf6
23.Rf1 Bxd4 24.Bxd4 Rxd4 25.exd4 Qd6 26.Rxf7 Be6 27.Bxe6 Qxe6 28.Rxb7 Qe1+
29.Qf1 Qe3+ 30.Qf2 Qc1+ 31.Qf1 Qe3+  1/2-1/2

[Event "GMA Baleares Open"]
[Site "Palma de Mallorca"]
[Date "1989.??.??"]
[Round "1"]
[White "Dolmatov, Sergey"]
[Black "Chiburdanidze, Maia"]
[Result "1/2-1/2"]
[WhiteElo "2615"]
[BlackElo "2495"]

1.e4 e5 2.Nf3 Nc6 3.Bb5 a6 4.Ba4 Nf6 5.O-O Be7 6.Re1 b5 7.Bb3 d6 8.c3 O-O
9.h3 Na5 10.Bc2 c5 11.d4 exd4 12.cxd4 Re8 13.Nbd2 cxd4 14.Nxd4 Bb7 15.Nf1 Bf8
16.Ng3 g6 17.Bf4 Rc8 18.b3 Nc6 19.Nxc6 Rxc6 20.a4 bxa4 21.Rxa4 d5 22.e5 Qc8
23.Bxg6 hxg6 24.exf6 Rxe1+ 25.Qxe1 Rxf6 26.Qd2 Rb6 27.Be5 Qe6 28.Bc3 Be7
29.Rg4 Kf8 30.b4 Bf6 31.Bxf6 Qxf6 32.Rd4 Re6 33.f3 Re1+ 34.Kf2 Rc1 35.Ne2 Rc8
36.h4 Qe5 37.Qd3 Rc7 38.Qd2 Bc6 39.Qh6+ Kg8 40.Qd2 Re7 41.Ng3 Re6 42.Nf1 Qf6
43.Rf4 Qe5 44.Rg4 Rf6 45.Ne3 Rf4 46.Rxf4 Qxf4 47.g3 Qf6 48.Ng4 Qa1 49.h5 gxh5
50.Qg5+ Kf8 51.Ne5 Bb5 52.Qxh5 Qf1+ 53.Ke3 Qg1+ 54.Kf4 Qd4+ 55.Kf5 Bd3+ 56.Nxd3 Qxd3+
57.Ke5 Qc3+ 58.Kxd5 Qxb4 59.Qh6+ Kg8 60.Qxa6 Qb3+ 61.Ke4 Qb4+ 62.Kd3 Qb3+
63.Ke2 Qc2+ 64.Ke3  1/2-1/2

[Event "GMA Baleares Open"]
[Site "Palma de Mallorca"]
[Date "1989.??.??"]
[Round "4"]
[White "Chiburdanidze, Maia"]
[Black "Miles, Anthony J"]
[Result "1-0"]
[WhiteElo "2495"]
[BlackElo "2580"]

1.d4 Nc6 2.e4 e5 3.Nf3 exd4 4.Nxd4 Qf6 5.Nb5 Bc5 6.Qe2 Bb6 7.N1c3 Nge7 8.Be3 Ba5
9.O-O-O O-O 10.Nd5 Nxd5 11.exd5 Ne7 12.d6 cxd6 13.Rxd6 Qe5 14.Bxa7 Qf4+ 15.Qe3 Qxe3+
16.Bxe3 Nf5 17.Rd3 Nxe3 18.fxe3 d5 19.a3 Re8 20.Nd4 Bd8 21.g3 Bg5 22.Kd2 Ra4
23.b4 Ra6 24.Bg2 Rd6 25.Re1 Bd7 26.Kc1 h5 27.Kb1 Rd8 28.Red1 Bh6 29.Bf3 g6
30.Nb3 Bc6 31.Na5 Kf8 32.c4 Ba4 33.R1d2 Rf6 34.Bd1 Bxd1 35.Rxd1 b6 36.Nb3 Ra8
37.cxd5 Rxa3 38.d6 Ke8 39.d7+ Kd8 40.Kb2 Ra8 41.Rd6 Rf2+ 42.R1d2 Bg7+ 43.Kc2 Ra2+
44.Kd1 Rfxd2+ 45.Nxd2 Bc3 46.Nc4 Bxb4 47.Rxb6 Bc3 48.Rb3 Ba5 49.Rb8+ Kxd7
50.Ra8 Rxh2 51.Rxa5 Rh3 52.Rg5 Ke7 53.Nd2 h4 54.Nf1 Kf6 55.gxh4 Rxh4 56.Rb5 Kg7
57.Ke2 f5 58.Nd2 Rh2+ 59.Kd3 Rh3 60.Kd4 Kf6 61.Rb6+ Kg5 62.Nc4 Rh8 63.Ne5 Rd8+
64.Kc4 Re8 65.Kd5 Kh5 66.Rd6 Re7 67.Kd4 Rg7 68.Kd3 Rg8 69.Ke2 Kg5 70.Kf3 Rg7
71.Rc6 Kh6 72.Kf4 Rg8 73.Re6 Rg7 74.Nxg6  1-0

[Event "GMA Baleares Open"]
[Site "Palma de Mallorca"]
[Date "1989.??.??"]
[Round "6"]
[White "Balashov, Yuri S"]
[Black "Chiburdanidze, Maia"]
[Result "1/2-1/2"]
[WhiteElo "2535"]
[BlackElo "2495"]

1.f4 c5 2.Nf3 g6 3.e4 Bg7 4.d3 d6 5.g3 Nc6 6.Bg2 e6 7.O-O Nge7 8.c3 O-O 9.Be3 b6
10.Bf2 e5 11.Na3 Rb8 12.Qe2 Re8 13.fxe5 Nxe5 14.Nc2 Ng4 15.Ne3 Nxf2 16.Qxf2 h6
17.h4 Be6 18.Kh2 d5 19.Bh3 Bxh3 20.Kxh3 dxe4 21.dxe4 Nc6 22.Nd2 Rb7 23.Kg2 Ne5
24.Nd5 Qd7 25.b3 Qg4 26.Rad1 Rd7 27.Ne3 Qe6 28.Nd5 Ng4 29.Qf3 h5 30.Rde1 b5
31.Qd3 Qc6 32.c4 a6 33.Nf3 Bh6 34.Re2 Rd6 35.e5 Rde6 36.Rfe1 Bg7 37.Qe4 Bxe5
38.Ng5 Rd6 39.Qf3 Qd7 40.Ne4 Rc6 41.Nxc5 Rxc5 42.Rxe5 Rxe5  1/2-1/2

[Event "GMA Baleares Open"]
[Site "Palma de Mallorca"]
[Date "1989.??.??"]
[Round "7"]
[White "Chiburdanidze, Maia"]
[Black "Razuvaev, Yuri S"]
[Result "1/2-1/2"]
[WhiteElo "2495"]
[BlackElo "2545"]

1.Nf3 Nf6 2.c4 e6 3.Nc3 Bb4 4.Qb3 c5 5.a3 Ba5 6.g4 Nc6 7.g5 Ng4 8.Ne4 Qe7
9.Rg1 f5 10.gxf6 Nxf6 11.Qe3 d6 12.Bh3 O-O 13.Nfg5 Nh5 14.Qd3 Nf4 15.Nf6+ gxf6
16.Nxe6+ Ng6 17.Rxg6+ hxg6 18.Qxg6+ Kh8  1/2-1/2

[Event "GMA Baleares Open"]
[Site "Palma de Mallorca"]
[Date "1989.??.??"]
[Round "9"]
[White "Chiburdanidze, Maia"]
[Black "Goldin, Alexander"]
[Result "0-1"]
[WhiteElo "2495"]
[BlackElo "2525"]

1.d4 Nf6 2.Nf3 e6 3.g3 b5 4.a4 b4 5.Bg2 Bb7 6.c4 c5 7.d5 exd5 8.Nh4 g6 9.cxd5 Bg7
10.Nd2 O-O 11.Nc4 d6 12.O-O Ba6 13.Qc2 Re8 14.Re1 Bxc4 15.Qxc4 Nbd7 16.a5 Ne5
17.Qc2 Qe7 18.Bd2 Rab8 19.h3 Nh5 20.Bh1 Rec8 21.Be3 b3 22.Qc1 Rb4 23.Bd2 Rc4
24.Bc3 Nd7 25.e4 Bxc3 26.bxc3 Qf6 27.Re3 Rb8 28.Qd2 Ne5 29.Nf3 Ra4 30.Rxa4 b2
31.Re1 b1=Q 32.Rxb1 Rxb1+ 33.Ne1 Nd3 34.Qxd3 Rxe1+ 35.Kg2 Rxh1 36.e5 Rh2+  0-1

[Event "World op 5'"]
[Site "Philadelphia"]
[Date "1989.??.??"]
[Round "?"]
[White "Browne, Walter S"]
[Black "Chiburdanidze, Maia"]
[Result "0-1"]
[WhiteElo "2535"]
[BlackElo "2520"]

1.d4 Nf6 2.c4 g6 3.Nc3 d5 4.cxd5 Nxd5 5.e4 Nxc3 6.bxc3 Bg7 7.Bc4 c5 8.Ne2 O-O
9.O-O Nc6 10.Be3 Na5 11.Bd3 b6 12.Qd2 Bb7 13.d5 e6 14.dxe6 fxe6 15.Rad1 Qe7
16.Bg5 Qd7 17.Qe3 Qa4 18.Bb1 Nc4 19.Qh3 Rae8 20.Nf4 Qc6 21.Bh6 Bxh6 22.Qxh6 Qc7
23.Nh3 Qg7 24.Qc1 Rd8 25.Ng5 Qe7 26.a3 b5 27.Ba2 h6 28.Nh3 Bxe4 29.Qxh6 Qg7
30.Qxg7+ Kxg7 31.Ng5 Bd5 32.a4 a6 33.h4 Rfe8 34.Rfe1 Nb2 35.Bxd5 Nxd1 36.Nxe6+ Rxe6
37.Bxe6 Nxc3 38.axb5 axb5 39.Re3 b4 40.Rg3 Rd6 41.Bb3 Rc6 42.Bc4 Ne4 43.Rf3 Nd2
44.Rf7+ Kh6 45.Bd5 Rd6 46.Ba2 b3 47.Bxb3 Nxb3 48.Rc7  0-1

[Event "World op"]
[Site "Philadelphia"]
[Date "1989.??.??"]
[Round "2"]
[White "Haessler, Carl"]
[Black "Chiburdanidze, Maia"]
[Result "1/2-1/2"]
[WhiteElo "2245"]
[BlackElo "2520"]

1.b3 e5 2.Bb2 d6 3.e3 Nf6 4.c4 Be7 5.Nf3 O-O 6.d4 e4 7.Nfd2 c6 8.d5 cxd5
9.cxd5 Bf5 10.Nc3 Nbd7 11.Be2 Bg6 12.O-O Nb6 13.Nc4 Nxc4 14.Bxc4 Nd7 15.Qd2 Bf6
16.Rac1 a6 17.Be2 Be5 18.Na4 Re8 19.Rc2 b5 20.Bxe5 Rxe5 21.Nc3 Nf6 22.Qd4 h6
23.a4 bxa4 24.bxa4 Qa5 25.Rfc1 Rc8 26.h3 Rc5 27.Kh2 Kh7 28.g4 Nxd5 29.h4 Nxc3
30.Rxc3 Rxc3 31.Qxc3 h5 32.Qxa5 Rxa5 33.Rc6 Rxa4 34.gxh5 Bf5 35.Bxa6 Bg4
36.Rxd6 Bxh5  1/2-1/2

[Event "World op"]
[Site "Philadelphia"]
[Date "1989.??.??"]
[Round "6"]
[White "Fang, Joseph"]
[Black "Chiburdanidze, Maia"]
[Result "1-0"]
[WhiteElo "2280"]
[BlackElo "2520"]

1.d4 Nf6 2.c4 g6 3.Nc3 d5 4.Nf3 Bg7 5.Bg5 Ne4 6.cxd5 Nxg5 7.Nxg5 e6 8.Qd2 exd5
9.Qe3+ Kf8 10.Qf4 Bf6 11.h4 Kg7 12.e4 dxe4 13.Bc4 Rf8 14.O-O-O Nd7 15.Ncxe4 h6
16.g4 Nb6 17.Nxf7 Nxc4 18.Nxd8 Bg5 19.Nxg5  1-0

[Event "World op"]
[Site "Philadelphia"]
[Date "1989.??.??"]
[Round "7"]
[White "Chiburdanidze, Maia"]
[Black "Rowley, Robert"]
[Result "1/2-1/2"]
[WhiteElo "2520"]
[BlackElo "2400"]

1.e4 c6 2.d4 d5 3.Nd2 dxe4 4.Nxe4 Nf6 5.Nxf6+ gxf6 6.c3 Bf5 7.Nf3 e6 8.g3 Qd5
9.Bg2 Qe4+ 10.Be3 Qc2 11.O-O Qxd1 12.Raxd1 Be4 13.Rfe1 Nd7 14.Bd2 f5 15.c4 Bg7
16.Bb4 Nb6 17.b3 Bf6 18.Ne5 Bxg2 19.Kxg2 Be7 20.Ba5 O-O 21.a4 Rfe8 22.h3 Bd8
23.Kf3 Bc7 24.g4 Bxe5 25.Rxe5 Nd7 26.Ree1 fxg4+ 27.hxg4 b6 28.Bc3 Rac8 29.Ra1 a5
30.Rh1 f6 31.Kg3 Nf8 32.Rh5 Red8 33.f3 Rb8 34.Rh6 Ng6 35.Re1 e5 36.Re4 Rd7
37.Bb2 Rbd8 38.dxe5 Rd2 39.Bc1 Rc2 40.Be3 fxe5 41.Rh2 Rxh2 42.Kxh2 c5  1/2-1/2

[Event "Sochi-A"]
[Site "Sochi"]
[Date "1989.??.??"]
[Round "?"]
[White "Vyzmanavin, Alexey"]
[Black "Chiburdanidze, Maia"]
[Result "1-0"]
[WhiteElo "2555"]
[BlackElo "2495"]

1.d4 Nf6 2.c4 g6 3.Nc3 d5 4.cxd5 Nxd5 5.e4 Nxc3 6.bxc3 Bg7 7.Bc4 c5 8.Ne2 O-O
9.O-O Nc6 10.Be3 Na5 11.Bd3 b6 12.Rc1 Bb7 13.d5 c4 14.Bc2 e6 15.dxe6 fxe6
16.f4 Qxd1 17.Rcxd1 Rfd8 18.e5 Bf8 19.Nd4 Bc5 20.Kf2 Bxd4 21.Bxd4 Nc6 22.g4 Nxd4
23.cxd4 b5 24.Ke3 b4 25.f5 gxf5 26.gxf5 exf5 27.Rxf5 Bd5 28.Be4 b3 29.axb3 cxb3
30.Bxd5+ Rxd5 31.Rg1+ Kh8 32.Rf7 a5 33.e6 Rdd8 34.Rgg7  1-0

[Event "Sochi-A"]
[Site "Sochi"]
[Date "1989.??.??"]
[Round "?"]
[White "Ulibin, Mikhail"]
[Black "Chiburdanidze, Maia"]
[Result "1/2-1/2"]
[WhiteElo "2495"]
[BlackElo "2495"]

1.e4 e5 2.Nf3 Nc6 3.Bb5 a6 4.Ba4 Nf6 5.O-O Be7 6.Re1 b5 7.Bb3 d6 8.c3 O-O
9.d4 Bg4 10.d5 Na5 11.Bc2 c6 12.h3 Bc8 13.dxc6 Qc7 14.Nbd2 Qxc6 15.Nf1 Nc4
16.Ng3 Re8 17.a4 g6 18.b3 Nb6 19.a5 Nbd7 20.Bd2 Nf8 21.Bd3 Be6 22.Ng5 d5
23.Nxe6 Nxe6 24.exd5 Qxd5 25.Bh6 Red8 26.Bf1 Qc6 27.Qc1 Rac8 28.c4 b4 29.Rxe5 Nd7
30.Rd5 Ndc5 31.Qd1 Bf6 32.Ra2 Nd4 33.Qe1 Rxd5  1/2-1/2

[Event "Sochi-A"]
[Site "Sochi"]
[Date "1989.??.??"]
[Round "?"]
[White "Razuvaev, Yuri S"]
[Black "Chiburdanidze, Maia"]
[Result "1/2-1/2"]
[WhiteElo "2545"]
[BlackElo "2495"]

1.d4 Nf6 2.c4 g6 3.Nc3 Bg7 4.e4 d6 5.f3 O-O 6.Nge2 a6 7.Bg5 c6 8.Qd2 b5 9.Bh6 e5
10.Bxg7 Kxg7 11.Ng3 Be6 12.d5 cxd5 13.cxd5 Bd7 14.a3 Qb6 15.Bd3 a5 16.Qf2 Qb7
17.O-O Na6 18.Be2 b4 19.axb4 Qxb4 20.f4 Ng8 21.fxe5 dxe5 22.Kh1  1/2-1/2

[Event "Sochi-A"]
[Site "Sochi"]
[Date "1989.??.??"]
[Round "?"]
[White "Popchev, Milko"]
[Black "Chiburdanidze, Maia"]
[Result "1/2-1/2"]
[WhiteElo "2425"]
[BlackElo "2495"]

1.e4 e5 2.Nc3 d6 3.Nf3 Nf6 4.d4 exd4 5.Nxd4 Be7 6.g3 d5 7.exd5 Nxd5 8.Bd2 O-O
9.Bg2 Nb6 10.Be3 Nc4 11.O-O c6 12.Qe2 Nxe3 13.Qxe3 Bg5 14.Qd3 Na6 15.Ne4 Be7
16.Qc4 Qb6 17.a3 Bd7 18.b4 Rad8 19.c3 Nc7 20.Rfe1 Rfe8 21.a4 a5 22.bxa5 Qxa5
23.Rab1 Qa7 24.Qb3 Bc8 25.Re2 Nd5 26.Rbe1 Kf8 27.Nf3 h6 28.c4 Nc7 29.Ne5 Qd4
30.Nf3 Qd3 31.Qb6 Ne6 32.c5 Qa3 33.a5 Rd3 34.Re3 Nxc5 35.Nd6 Rxe3 36.Rxe3 Nd7
37.Rxa3 Nxb6 38.Nxc8 Rxc8 39.Rb3 Nc4 40.Rxb7 Nxa5 41.Ra7 Nc4 42.Bf1 Bc5 43.Ra6  1/2-1/2

[Event "Sochi-A"]
[Site "Sochi"]
[Date "1989.??.??"]
[Round "?"]
[White "Pigusov, Evgeny"]
[Black "Chiburdanidze, Maia"]
[Result "1/2-1/2"]
[WhiteElo "2560"]
[BlackElo "2495"]

1.c4 Nf6 2.g3 g6 3.Bg2 Bg7 4.Nc3 O-O 5.d4 d6 6.Nf3 c6 7.O-O Bf5 8.Qb3 Qb6
9.Re1 Na6 10.Qxb6 axb6 11.e4 Bg4 12.Be3 Nb4 13.Rec1 c5 14.Ne1 Nd7 15.d5 Ne5
16.h3 Bd7 17.Bf1 f5 18.a3 Na6 19.exf5 gxf5 20.f4 Nf7 21.Rc2 Nc7 22.Rd1 Rfe8
23.Nf3 Bf6 24.Bc1 e6 25.dxe6 Bxe6 26.Kf2 b5 27.Nxb5 Nxb5 28.cxb5 Bb3 29.Rcd2 d5
30.Rxd5 Bxd1 31.Rxd1 Rad8 32.Rxd8 Rxd8 33.Bc4 Kg7 34.b3 Nd6 35.Ke2 Re8+ 36.Kd3 Ne4
37.Be3 h5 38.Ne5 Bxe5 39.fxe5 Rxe5 40.a4 Re8 41.b6 Rd8+ 42.Kc2 Kf6 43.a5 Nd6
44.Bd3 Rc8 45.Kc3 Ke6 46.Bf4 Kd5 47.Be2 Ne4+ 48.Kc2 Ra8 49.a6 Kc6 50.axb7 Kxb7
51.Bxh5 Kxb6 52.h4 Rg8 53.Bf3 Nxg3 54.h5 Ne4 55.h6 Nf6 56.Be5 Rg6 57.Bf4 Rg8
58.Be5 Rg6 59.Bf4  1/2-1/2

[Event "Sochi-A"]
[Site "Sochi"]
[Date "1989.??.??"]
[Round "?"]
[White "Goldin, Alexander"]
[Black "Chiburdanidze, Maia"]
[Result "1-0"]
[WhiteElo "2525"]
[BlackElo "2495"]

1.c4 Nf6 2.g3 g6 3.Bg2 Bg7 4.Nc3 O-O 5.d4 d6 6.Nf3 c6 7.O-O Bf5 8.Qb3 Qb6
9.Re1 Nfd7 10.h3 e5 11.dxe5 dxe5 12.Be3 Qxb3 13.axb3 Re8 14.g4 Be6 15.Ng5 Bf8
16.Nb5 Na6 17.Rxa6 bxa6 18.Nc7 Bb4 19.Ra1 Nc5 20.Bxc5 Bxc5 21.Rxa6 Bb6 22.Nxa8 Rxa8
23.Nxe6 fxe6 24.b4 Bd4 25.e3 Bxb2 26.Bxc6 Rc8 27.Bd7  1-0

[Event "Sochi-A"]
[Site "Sochi"]
[Date "1989.??.??"]
[Round "?"]
[White "Chiburdanidze, Maia"]
[Black "Schlosser, Michael"]
[Result "1/2-1/2"]
[WhiteElo "2495"]
[BlackElo "2430"]

1.e4 d6 2.d4 Nf6 3.Nc3 g6 4.Nf3 Bg7 5.Be2 O-O 6.O-O Bg4 7.Be3 Nc6 8.d5 Bxf3
9.Bxf3 Ne5 10.Be2 c6 11.a4 Qa5 12.Ra3 Ned7 13.Qb1 Rfc8 14.Rd1 cxd5 15.exd5 a6
16.Bd4 Ne8 17.Bg4 Qd8 18.a5 Rc4 19.Bxg7 Kxg7 20.Be2 Rcc8 21.b4 Qc7 22.Rc1 Nef6
23.Qa2 b5 24.axb6  1/2-1/2

[Event "Sochi-A"]
[Site "Sochi"]
[Date "1989.??.??"]
[Round "?"]
[White "Chiburdanidze, Maia"]
[Black "Ruban, Vadim"]
[Result "0-1"]
[WhiteElo "2495"]
[BlackElo "2515"]

1.e4 c5 2.Nf3 d6 3.d4 cxd4 4.Nxd4 Nf6 5.Nc3 Nc6 6.Bg5 e6 7.Bb5 Bd7 8.Bxc6 bxc6
9.O-O h6 10.Bh4 g5 11.Bg3 e5 12.Nb3 h5 13.f3 h4 14.Bf2 Be6 15.Qd3 Nh5 16.Qa6 Qc8
17.Qa4 Nf4 18.Na5 Bd7 19.Rfd1 d5 20.Nb3 d4 21.Qa5 f6 22.Nxd4 exd4 23.Bxd4 Kf7
24.e5 c5 25.Be3 Bc6 26.Bxf4 gxf4 27.exf6 h3 28.Nd5 hxg2 29.Rd2 Bd6  0-1

[Event "Sochi-A"]
[Site "Sochi"]
[Date "1989.??.??"]
[Round "?"]
[White "Chiburdanidze, Maia"]
[Black "Lautier, Joel"]
[Result "1/2-1/2"]
[WhiteElo "2495"]
[BlackElo "2465"]

1.e4 c5 2.Nf3 e6 3.d4 cxd4 4.Nxd4 Nc6 5.Nc3 Qc7 6.g3 a6 7.Bg2 Nf6 8.O-O Be7
9.Be3 d6 10.Qe2 Bd7 11.a4 O-O 12.h3 Rac8 13.Nxc6 Bxc6 14.a5 Nd7 15.Rfd1 Nc5
16.Bd4 Rfe8 17.b4 e5 18.Be3 Ne6 19.b5 axb5 20.Nxb5 Bxb5 21.Qxb5 Bg5 22.Bb6 Qe7
23.Qd5 Rc6 24.Bf1 Rec8 25.Bb5 Rxc2 26.Qxd6 Nd4 27.Qxe7 Bxe7 28.Ba4 R2c3 29.Kg2 R8c4
30.Rdb1 Rb4 31.Rxb4 Bxb4 32.Rb1 Rc4 33.Bd7 g6 34.h4 h6 35.Bc8 Bxa5 36.Bxb7 Bxb6
37.Rxb6  1/2-1/2

[Event "Sochi-A"]
[Site "Sochi"]
[Date "1989.??.??"]
[Round "?"]
[White "Chiburdanidze, Maia"]
[Black "Kotronias, Vasilios"]
[Result "1/2-1/2"]
[WhiteElo "2495"]
[BlackElo "2475"]

1.e4 c5 2.Nf3 d6 3.d4 cxd4 4.Nxd4 Nf6 5.Nc3 Nc6 6.Bg5 e6 7.Qd2 Be7 8.O-O-O O-O
9.h4 a6 10.h5 h6 11.Bh4 Qb6 12.Nb3 Rd8 13.Qe2 Qc7 14.f4 b5 15.g4 b4 16.g5 hxg5
17.fxg5 Nxh5 18.Qxh5 g6 19.Qf3 Ne5 20.Qh3 bxc3 21.Be1 Bxg5+ 22.Kb1 Kf8 23.Bxc3 Rd7
24.Ba5 Qa7 25.Nd4 Bf6 26.Be2 Bg7 27.Rhf1 Kg8 28.Rh1 Rb8 29.Bc3 Rc7 30.Nb3 Rc6
31.Bd2 Qf2 32.Rh2 Qf6 33.c3 g5 34.Qh7+ Kf8 35.Rf1 Qg6 36.Qxg6 Nxg6 37.Bxg5 Rcb6
38.Be3 R6b7 39.Bh5 Ne5 40.Bd4 Re7 41.Rhf2 f6 42.Bd1 Bd7 43.Rg1  1/2-1/2

[Event "Sochi-A"]
[Site "Sochi"]
[Date "1989.??.??"]
[Round "?"]
[White "Chiburdanidze, Maia"]
[Black "Kholmov, Ratmir D"]
[Result "1/2-1/2"]
[WhiteElo "2495"]
[BlackElo "2485"]

1.d4 Nf6 2.c4 e6 3.Nf3 Bb4+ 4.Bd2 Bxd2+ 5.Nbxd2 c5 6.dxc5 Qa5 7.Nd4 Qxc5
8.Nb5 a6 9.Nc3 O-O 10.e3 d5 11.Nb3 Qe7 12.cxd5 Rd8 13.Bd3 exd5 14.O-O Nc6
15.Re1 Bg4 16.Be2 Be6 17.Nd4 Ne5 18.Qb3 Rac8 19.Rad1 b5 20.a3 Nc4 21.h3 h6
22.Bd3 Rc7 23.Bb1 Bc8 24.Nde2 Na5 25.Qc2 g6 26.Ba2 Bb7 27.Nf4 Qe5 28.Rd4 Rdc8
29.Qd1 Nc4 30.Nd3 Qe7 31.Ne2 Ne4  1/2-1/2

[Event "Sochi-A"]
[Site "Sochi"]
[Date "1989.??.??"]
[Round "?"]
[White "Chiburdanidze, Maia"]
[Black "Khalifman, Alexander"]
[Result "1/2-1/2"]
[WhiteElo "2495"]
[BlackElo "2545"]

1.e4 c5 2.Nf3 Nc6 3.d4 cxd4 4.Nxd4 Nf6 5.Nc3 d6 6.Bg5 e6 7.Bb5 Bd7 8.Bxc6 bxc6
9.O-O Be7 10.Nf3 h6 11.Bxf6 gxf6 12.Qd2 h5 13.Nd1 Qc7 14.c4 O-O-O 15.b4 Rhg8
16.Ne3 c5 17.Qd3 f5 18.exf5 Bc6 19.Ne1 h4 20.f3 h3 21.g3 Kb8 22.Rb1 Ka8 23.N1c2 d5
24.cxd5 Bxd5 25.Qe2 Bb7 26.b5 Qe5 27.Rbe1 exf5  1/2-1/2

[Event "Baden-Baden op"]
[Site "Baden-Baden"]
[Date "1990.??.??"]
[Round "3"]
[White "Roesch, Arnd"]
[Black "Chiburdanidze, Maia"]
[Result "1/2-1/2"]
[WhiteElo "2335"]
[BlackElo "2500"]

1.d4 Nf6 2.Nc3 d5 3.Bg5 Nbd7 4.Nf3 g6 5.e3 Bg7 6.Bd3 O-O 7.O-O c6 8.Re1 Qb6
9.Rb1 e5 10.Nxe5 Nxe5 11.dxe5 Ng4 12.Qd2 Nxe5 13.e4 Be6 14.Bf1 d4 15.Na4 Qc7
16.b3 c5 17.Nb2 a6 18.Nd3 f6 19.Bh4 Bf7 20.Bg3 Qc6 21.h3 Nd7 22.e5 Rae8 23.exf6 Bxf6
24.Rxe8 Rxe8 25.Re1 Rxe1 26.Qxe1 b5 27.Qa5 Kg7 28.a4  1/2-1/2

[Event "Baden-Baden op"]
[Site "Baden-Baden"]
[Date "1990.??.??"]
[Round "8"]
[White "Chiburdanidze, Maia"]
[Black "Goldin, Alexander"]
[Result "0-1"]
[WhiteElo "2500"]
[BlackElo "2535"]

1.e4 c5 2.Nf3 Nc6 3.Bb5 g6 4.O-O Bg7 5.Re1 e5 6.c3 Nge7 7.d4 cxd4 8.cxd4 exd4
9.Bf4 a6 10.Bc4 d6 11.Ng5 O-O 12.Qb3 d5 13.Bxd5 Nxd5 14.exd5 Ne7 15.d6 Nf5
16.Ne4 h6 17.h3 b6 18.Nbd2 Be6 19.Qd3 Re8 20.Bh2 Nh4 21.Nf3 Nxf3+ 22.Qxf3 Kh8
23.Nd2 Rc8 24.Nb3 Qd7 25.Rad1 Bf5 26.Rxe8+ Rxe8 27.Rc1 Bc2 28.Bf4 d3 29.Qd5 Bxb2
30.Rf1 Kh7 31.Nd4 Ba3 32.Nxc2 dxc2 33.Qb3 Re4 34.Qxa3 Rxf4 35.Qd3 Rf6 36.Qxc2 Rxd6
37.Qb2 b5 38.Qa3 h5 39.Re1 Re6 40.Rc1 Qd2 41.Rf1 Kg7 42.h4 Re1 43.g3 Rxf1+
44.Kxf1 a5 45.Kg1 a4 46.Kg2 Qc2 47.Kg1  0-1

[Event "Biel-B"]
[Site "Biel"]
[Date "1990.??.??"]
[Round "2"]
[White "Spraggett, Kevin"]
[Black "Chiburdanidze, Maia"]
[Result "1/2-1/2"]
[WhiteElo "2540"]
[BlackElo "2500"]

1.Nf3 Nf6 2.c4 g6 3.b3 Bg7 4.Bb2 O-O 5.g3 d6 6.Bg2 e5 7.Nc3 c5 8.O-O Nc6
9.d3 h6 10.Nd2 Be6 11.a3 Qd7 12.Nd5 Nh7 13.f4 h5 14.Rb1 Rae8 15.e3 Bg4 16.Qc2 h4
17.Rbe1 hxg3 18.hxg3 Be6 19.Ne4 f5 20.Nec3 g5 21.Re2 Nf6 22.Nxf6+  1/2-1/2

[Event "Biel-Tbilisi"]
[Site "Biel"]
[Date "1990.??.??"]
[Round "2"]
[White "Gallagher, Joseph G"]
[Black "Chiburdanidze, Maia"]
[Result "0-1"]
[WhiteElo "2495"]
[BlackElo "2500"]

1.e4 e5 2.f4 exf4 3.Nf3 Be7 4.Bc4 Nf6 5.e5 Ng4 6.Nc3 d6 7.exd6 Qxd6 8.d4 Be6
9.d5 Bd7 10.Qe2 O-O 11.Ne4 Qb6 12.Bxf4 Bf5 13.Ng3 Bg6 14.h3 Bd6 15.Bxd6 Qxd6
16.O-O-O Qf4+ 17.Kb1 Ne3 18.Rd4 Qxg3 19.Qxe3 Qxg2 20.Rh2 Qg3 21.Rg4 Qd6 22.Rhg2 Nd7
23.h4 Rae8 24.Qxa7 Qf6 25.a3 Qxf3 26.h5 Nf6 27.hxg6 Nxg4 28.gxf7+ Rxf7 29.Rd2 Ne3
30.Re2 Rff8 31.d6+ Nxc4  0-1

[Event "Biel-B"]
[Site "Biel"]
[Date "1990.??.??"]
[Round "3"]
[White "Chiburdanidze, Maia"]
[Black "Barlov, Dragan"]
[Result "1-0"]
[WhiteElo "2500"]
[BlackElo "2495"]

1.e4 c5 2.Nf3 e6 3.d4 cxd4 4.Nxd4 Nf6 5.Nc3 Nc6 6.Ndb5 Bb4 7.a3 Bxc3+ 8.Nxc3 d5
9.exd5 exd5 10.Bd3 d4 11.Qe2+ Be6 12.Ne4 Nxe4 13.Qxe4 Qd5 14.Qxd5 Bxd5 15.O-O O-O
16.Re1 Rac8 17.Bd2 Be6 18.c4 dxc3 19.Bxc3 Rfd8 20.Be4 b6 21.Rad1 Na5 22.f4 Rxd1
23.Rxd1 g6 24.h3 f5 25.Bd5 Kf7 26.Bxe6+ Kxe6 27.Re1+ Kf7 28.Bxa5 bxa5 29.Re5 a4
30.Ra5 Rc4 31.Rxa7+ Ke6 32.Rxh7 Rxf4 33.Rg7 Kf6 34.Rb7 Rd4 35.Rb6+ Kg5 36.Rb4 Rd2
37.h4+ Kh5 38.Kh2 g5 39.hxg5 Kxg5 40.Kg3 f4+ 41.Kf3 Rd3+ 42.Ke2 Re3+ 43.Kf1 Kg4
44.Rxa4 Rd3 45.Ke2 Re3+ 46.Kf2 Rd3 47.Rb4 Rd2+ 48.Kf1 Rc2 49.Rb3 Rc1+ 50.Kf2 Rc2+
51.Kg1 Rc1+ 52.Kh2 Rc2 53.a4 Rc5 54.Ra3 Rc2 55.b4 Rb2 56.a5 Rxb4 57.a6 Rb8
58.a7 Ra8 59.Ra5 Kh4 60.Kg1 Kg3 61.Ra3+  1-0